| 000 | 00475nam a2200157 a 4500 | ||
|---|---|---|---|
| 001 | 000036439 | ||
| 005 | 20200930075730.0 | ||
| 008 | 120117s1911 enkac 000 0 spa d | ||
| 040 |
_aDO-SdBNP _bspa _cBNPHU |
||
| 082 |
_axxx _bY68c, 1911 |
||
| 100 | 1 |
_aYoung, Filson _962657 |
|
| 245 | 1 | 0 |
_aChristophér Columbus and the new world of his discovery / _cFilson Young. |
| 250 | _a3a ed. | ||
| 260 |
_aLondon : _bGrant Richards, _c1911. |
||
| 300 |
_a450 p. : _bil., retrs. ; _c21 cm. |
||
| 999 |
_c35930 _d35930 |
||